000 01182nmm a2200325 a 4500
001 0000017145
003 CO-CtgCURN
005 20250512180839.0
007 co cga---uuuuu
007 ta
008 160627s2000 i eng d
020 _a9586532364
040 _aCO-CtgCURN
_bspa
_ccoctgcurn
082 0 _a343.056
_bC65
110 2 _aColombia. Leyes, etc.
245 1 0 _aEstatuto aduanero.
_h[electronic resource].
260 _aBogotá :
_bLegis,
_c2000.
300 _a323 p + 1 Cd - Rom +
_e1 cd-rom.
336 _2rdacontent
337 _2rdamedia
_asin mediacion
_bn
338 _2rdacarrier
_avolumen
_bnc
490 1 _aColección Códigos basicos
500 _aIncluye indice.
505 8 _aNuevo estatuto aduanero.--Intermediacion aduanera.--Usuarios aduaneros permanentes.--Usuarios altamente exportadores.--Zonas primarias aduaneras.--Habilitacion de lugares para el ingreso y salida de mercancias bajo control aduanero
650 1 4 _aReforma aduanera
_vLegislacion
_zColombia.
710 2 _aEstatuto aduanero.
908 _a160627
942 _cBK
_h343.056
_iC65
_2ddc
_n0
999 _c19408
_d19408